Statistics for Absolute Monarchies of the World

Click here to take the quiz!

General Stats

  • This quiz has been taken 90 times
  • The average score is 4 of 5

Answer Stats

Country% Correct
Saudi Arabia
99%
Oman
91%
Brunei
76%
Vatican City
63%
Eswatini
56%

Score Distribution

Percentile by Number Answered

Percent of People with Each Score

Your Score History

You have not taken this quiz